Estabilidad de las construcciones /
Contenido: Resistencia de los materiales; Peso de los materiales; Módulos de elasticidad; Momentos de inercia y radio de giración; Columnas; Vigas; Marcos y vigas empotradas y continuas; Losas de concreto armado; Torsión; Columnas con carga excéntrica o sujeta a momento flexionante; Empujes de vient...
Salvato in:
| Autore principale: | |
|---|---|
| Natura: | Libro |
| Lingua: | spagnolo |
| Pubblicazione: |
México :
Reverté,
1994, c1994
|
| Edizione: | 3a edición |
| Soggetti: | |
| Tags: |
Nessun Tag, puoi essere il primo ad aggiungerne!!
|
MARC
| LEADER | 00000nam^a2200000^a^4500 | ||
|---|---|---|---|
| 001 | 000136307 | ||
| 005 | 20250521000000.0 | ||
| 009 | 20260310095315.553 | ||
| 020 | |a 968-6708-02-2 | ||
| 037 | |a Acervo ITESO - Biblioteca | ||
| 041 | |a ESP | ||
| 082 | |a 624. 17 |b CRE | ||
| 100 | |a Creixell, José |e (autor) | ||
| 245 | 1 | 0 | |a Estabilidad de las construcciones / |c J. Creixell. |
| 250 | |a 3a edición | ||
| 264 | 4 | |a México : |b Reverté, |c 1994, c1994 | |
| 300 | |a 387 p. | ||
| 336 | |a texto |b txt |2 rdacontenido | ||
| 337 | |a sin mediación |b n |2 rdamedio | ||
| 338 | |a volumen |b nc |2 rdasoporte | ||
| 520 | |a Contenido: Resistencia de los materiales; Peso de los materiales; Módulos de elasticidad; Momentos de inercia y radio de giración; Columnas; Vigas; Marcos y vigas empotradas y continuas; Losas de concreto armado; Torsión; Columnas con carga excéntrica o sujeta a momento flexionante; Empujes de viento; secciones de acero y uniones de perfiles y armaduras; Vigas de acero armadas; Fricción; Muros de contención; Muros de carga; Amarres y cuarteaduras en muros; Elasticidad en vigas; Vigas cruzadas; Resolución de vigas continuas y marcos por medio de elástica; Arcos y bóvedas; Cúpulas; Terrenos; Cimentaciones; Disminución de cargas en edificios; Concreto armado preforzado; Estructuras laminadas de concreto armado; Vigas vierendel; Diseño al límite; Construcciones antisísmicas; Planos constructivos. | ||
| 649 | |a XX | ||
| 650 | |a Resistencia de Materiales | ||
| 650 | |a Materiales de Construcción | ||
| 650 | |a Elementos Estructurales | ||
| 650 | |a Cálculo Estructural | ||
| 650 | |a Estructuras | ||
| 650 | |a Construcción | ||
| 650 | |a Arquitectura | ||
| 650 | |a Ingeniería Civil | ||
| 910 | |a Fondo General | ||
| 920 | |a Impresos - Libros | ||
| 930 | |a Colección General | ||
| 905 | |a 101 | ||
| 901 | |a 0500065160 |b IT1 |c ACC |u 20250521 | ||
| 902 | |a https://opac.biblio.iteso.mx/vufind/Record/000136307 | ||